3rd Airport Abbreviations - Statistics

General Stats
  • This quiz has been taken 8 times
  • The average score is 19 of 40
Answer Stats
Airport Name City Abbreviation % Correct
Nashville Int'l Airport Nashville BNA
80%
Boise Airport Boise BOI
80%
Buffalo Niagara Int'l Airport Buffalo BUF
80%
Chattanooga Metropolitan Airport Chattanooga CHA
80%
Hector Int'l Airport Fargo FAR
80%
Indianapolis Int'l Airport Indianapolis IND
80%
Laramie Reg. Airport Laramie LAR
80%
Memphis Int'l Airport Memphis MEM
80%
Olympia Regional Airport Olympia OLM
80%
Pierre Reg. Airport Pierre PIR
80%
Pittsburgh Int'l Airport Pittsburgh PIT
80%
Richmond Int'l Airport Richmond RIC
80%
Salt Lake City Int'l Airport Salt Lake City SLC
80%
St. Louis Lambert Int'l Airport St. Louis STL
80%
Albuquerque Int'l Sunport Albuquerque ABQ
60%
Billings-Logan Int'l Airport Billings BIL
60%
Bismarck Airport Bismarck BIS
60%
Baltimore/Washington Int'l Airport Baltimore BWI
60%
Portland Int'l Airport Portland (Oregon) PDX
60%
Charleston Int'l Airport Charleston CHS
40%
Clarksville Reg. Airport Clarksville CKV
40%
Charlotte Douglas Int'l Airport Charlotte CLT
40%
Duluth Int'l Airport Duluth DLH
40%
Grand Forks Int'l Airport Grand Forks GFK
40%
Green Bay Austin Straubel Int'l Airport Green Bay GRB
40%
Gerald R. Ford Int'l Airport Grand Rapids GRR
40%
Saginaw Int'l Airport Saginaw MBS
40%
San Jose Mineta Int'l Airport San Jose SJC
40%
John Glenn Columbus Int'l Airport Columbus CMH
20%
Cheyenne Reg. Airport Cheyenne CYS
20%
Des Moines Int'l Airport Des Moines DSN
20%
Fresno Yosemite Int'l Airport Fresno FAT
20%
Spokane Int'l Airport Spokane GEG
20%
Jackson-Medgar Wiley Evers Int'l Airport Jackson JAN
20%
Louisville Int'l Airport Louisville SDF
20%
McGhee Tyson Airport Knoxville TYS
20%
Sioux Falls Reg. Airport Sioux Falls FSD
0%
Wichita Dwight D. Eisenhower National Airport Wichita ICT
0%
Johnson County Executive Airport Olathe OJC
0%
Portland Int'l Jetport Portland (Maine) PWM
0%
No matching quizzes found
Score Distribution
Percent of People with Each Score
Percentile by Number Answered
Your Score History
You have not taken this quiz